Проблемы детерминизма и кибернетики в молекулярной биологии. Факты и гипотезы о соотношении между автоматами и живым организмом: пер. с нем.

Bibliografski detalji
Glavni autor: Фукс-Киттовский К.
Daljnji autori: Мирский Э. М. (переводчик)
Jezik:ruski
Izdano: Москва, Прогресс, 1980
Teme:
Format: Knjiga
KOHA link:https://koha.lib.tpu.ru/cgi-bin/koha/opac-detail.pl?biblionumber=369344

MARC

LEADER 00000nam0a2200000 4500
001 369344
005 20231102012155.0
035 |a (RuTPU)RU\TPU\retro\26726 
090 |a 369344 
100 |a 20220519d1980 km y0rusy50 ca 
101 1 |a rus  |c ger 
102 |a RU 
105 |a y z 001zy 
200 1 |a Проблемы детерминизма и кибернетики в молекулярной биологии. Факты и гипотезы о соотношении между автоматами и живым организмом  |e пер. с нем.  |f К. Фукс-Киттовский  |g пер. Э. М. Мирского 
210 |a Москва  |c Прогресс  |d 1980 
215 |a 376 с.  |c ил. 
320 |a Библиогр.: с. 353-362 
320 |a Имен. указ.: с. 363-366 
320 |a Предм. указ.: с. 367-371 
606 1 |a Молекулярная биология  |2 stltpush  |3 (RuTPU)RU\TPU\subj\70459  |9 84719 
610 1 |a детерминизм 
610 1 |a кибернетика 
610 1 |a живые организмы 
610 1 |a автоматы 
610 1 |a биология 
610 1 |a физика 
610 1 |a технические системы 
610 1 |a живые системы 
610 1 |a клетки 
610 1 |a кибернетические системы 
610 1 |a обмен веществ 
610 1 |a развитие 
610 1 |a законы 
610 1 |a генетический код 
610 1 |a информация 
675 |a 577.2  |v 4 
700 1 |a Фукс-Киттовский  |b К. 
702 1 |a Мирский  |b Э. М.  |4 730 
801 1 |a RU  |b 63413507  |c 20220519 
942 |c BK